000 00732nam a2200205 i 4500
001 bg
100 1 _aGrabowska-Olszewska, Barbara
_d(1933- ).
245 0 _aAtlas of the Microstructure of Clay Soils =
_bAtlas mikrostruktur glinistych porod /
_cBarbara Grabowska-Olszewska, Viktor Osipov, Vjacelav Sokolov ; Uniwersytet Warszawski.
260 _aWarszawa :
_bPaństwowe Wydaw. Naukowe,
_c1984.
300 _a414, [2] s. :
_bil., rys., wykr. ;
_c25 cm.
700 1 _aOsipov, Viktor Ivanovič
_d(1937- ).
700 1 _aSokolov, Vjačeslav.
020 _a8301004142
040 _cBPK
041 _apol
080 _a551.3+552+553.6(084.12)
920 _a83-01-00414-2
942 _cKS
008 s pl f |000 0 pol
999 _c22750
_d22750
856 _uhttp://koha.tu.koszalin.pl/cgi-bin/koha/opac-detail.pl?biblionumber=22750
_yKatalog online BPK